Politics in India (Record no. 1677038)

MARC details
000 -LEADER
fixed length control field 00647nam a2200301Ia 4500
005 - DATE AND TIME OF LATEST TRANSACTION
control field 20260127113214.0
008 - FIXED-LENGTH DATA ELEMENTS--GENERAL INFORMATION
fixed length control field 008 260114s9999 xx 000 0 eng d
020 ## - INTERNATIONAL STANDARD BOOK NUMBER
International Standard Book Number 9780198075929
037 ## - SOURCE OF ACQUISITION
Stock number Textbook
040 ## - CATALOGING SOURCE
Original cataloging agency PSDL
040 ## - CATALOGING SOURCE
Language of cataloging eng
040 ## - CATALOGING SOURCE
Transcribing agency PSDL
041 ## - LANGUAGE CODE
Source of code eng
041 ## - LANGUAGE CODE
Language code of text/sound track or separate title eng
084 ## - COLON CLASSIFICATION NUMBER
Classification number W.2 Q7
084 ## - COLON CLASSIFICATION NUMBER
Assigning agency PSDL
100 ## - MAIN ENTRY--PERSONAL NAME
Personal name Jayal Nirja Gopal
9 (RLIN) 1110867
245 #0 - TITLE STATEMENT
Title Politics in India
245 #0 - TITLE STATEMENT
Statement of responsibility, etc. Jayal Nirja Gopal
260 ## - PUBLICATION, DISTRIBUTION, ETC.
Place of publication, distribution, etc. NewDelhi
260 ## - PUBLICATION, DISTRIBUTION, ETC.
Name of publisher, distributor, etc. Oxford
260 ## - PUBLICATION, DISTRIBUTION, ETC.
Date of publication, distribution, etc. 2017
300 ## - PHYSICAL DESCRIPTION
Extent 618
942 ## - ADDED ENTRY ELEMENTS (KOHA)
Koha item type Textbook
942 ## - ADDED ENTRY ELEMENTS (KOHA)
Classification part W.2 Q7

No items available.

Copyright @ Delhi University Library System